Берег (Запис № 286492)

МАРК-запис
000 -Лідер
fixed length control field 00603nam a22002417a 4500
003 - Ідентифікатор контрольного номера
control field UA-OsUOA
001 - Контрольний номер
control field 328
007 - Фіксоване поле фізичного опису
fixed length control field ta
008 - Елементи даних фіксованої довжини – загальна інформація
fixed length control field 20050525b un ||||| |||| 00| 0 ukr d
090 ## - Локальний шифр розміщення
Класифікаційний індекс УДК 821.161.2
Авторський знак (НП) Б81
040 ## - Джерело каталогізації
Агенція оригінальної каталогізації UA-OsUOA
Мова каталогізації ukr
Агенція, яка здійснювала перезапис UA-OsUOA
Агенція, яка здійснювала модифікацію UA-OsUOA
041 ## - Код мови
Код мови тексту/ звукової доріжки чи окремого заголовка (П) ukr
080 ## - Індекс Універсальної десяткової класифікації
Індекс Універсальної десяткової класифікації (УДК) (НП) 821.161.2
020 ## - Міжнародний стандартний книжковий номер (ISBN)
Міжнародний стандартний книжковий номер (ISBN) (НП) 5-7720-0006-3
100 ## - Основне введення – ім’я особи
Ім’я особи (НП) Бондарев Ю.
245 ## - Відомості про назву
Назва (НП) Берег
Решта назви (НП) роман
260 ## - Публікація, розповсюдження і т.п. (Вихідні дані)
Місце публікації, розповсюдження і т.п. (П) К.
Ім’я/ наймення видавництва, розповсюджувача і т.п. (П) Молодь
Дата публікації, розповсюдження і т.п. (П) 1988
300 ## - Фізичний опис
Обсяг 336 с.
650 #7 - Додаткове предметне введення – тематичний термін
Тематичний термін чи географічна назва, як елемент введення (НП) 82 Література. Літературознавство
Джерело заголовка чи терміна UDC
942 ## - Додаткові елементи входу (Коха)
Тип елемента Koha Книги
955 ## - Код типу видання за змістом
Код типу видання за змістом (НП) Літературно-художні видання
Фонди
Стан вилучень Стан втрат Джерело класифікації або схеми стелажів Стан уражень Не для кредиту Постійне місце розташування Поточне розміщення Дата придбання Інвентарний номер Усього замовленно Повний номер виклику Штрих-код Дата останнього перегляду Ціна ефективна від Тип елемента Koha Джерело придбання Вартість, звичайна ціна покупки
    Universal Decimal Classification     АБ - Абонемент НБ АБ - Абонемент НБ 27/12/2012 2685   821.161.2 Б81 2685 11/04/2022 25/05/2005 Книги    
    Universal Decimal Classification     АБ - Абонемент НБ АБ - Абонемент НБ 27/12/2012 45237   821.161.2 Б81 45237 11/04/2022 25/05/2005 Книги    
    Universal Decimal Classification     АБ - Абонемент НБ АБ - Абонемент НБ 25/05/2005 85701   821.161.2 Б81 85701 12/04/2022 25/05/2005 Книги 85/2005 8.00
    Universal Decimal Classification     АБ - Абонемент НБ АБ - Абонемент НБ 27/12/2012 9902   821.161.2 Б81 9902 11/04/2022 25/05/2005 Книги